000 00382nam a2200145Ia 4500
008 230917s9999||||xx |||||||||||||| ||und||
040 _e76422
_aMAIN
041 _aEnglish
082 _a005.1 H884I
100 _aHumphrey, Watts S
245 0 _aIntroduction to the personal software process
260 _aSingapore
_bAddison-Wesley
_c2000
300 _axxiv, 278 p.
942 _cBK
999 _c112541
_d112541